<?xml version="1.0" encoding="UTF-8"?>
<record
    xmlns:xsi="http://www.w3.org/2001/XMLSchema-instance"
    xsi:schemaLocation="http://www.loc.gov/MARC21/slim http://www.loc.gov/standards/marcxml/schema/MARC21slim.xsd"
    xmlns="http://www.loc.gov/MARC21/slim">

  <leader>00542nam a22001457a 4500</leader>
  <controlfield tag="003">LRUA</controlfield>
  <controlfield tag="005">20240111202522.0</controlfield>
  <controlfield tag="008">240111b        xxu||||| |||| 00| 0 eng d</controlfield>
  <datafield tag="040" ind1=" " ind2=" ">
    <subfield code="c">JCC</subfield>
  </datafield>
  <datafield tag="082" ind1=" " ind2=" ">
    <subfield code="2">123 JCC 2012 C022 Or.</subfield>
  </datafield>
  <datafield tag="245" ind1=" " ind2=" ">
    <subfield code="a">&#x1780;&#x17B6;&#x179A;&#x17A2;&#x1793;&#x17BB;&#x179C;&#x178F;&#x17D2;&#x178F;&#x179B;&#x17D2;&#x17A2;&#x17D7;&#x178A;&#x17BE;&#x1798;&#x17D2;&#x1794;&#x17B8;&#x179A;&#x17BD;&#x1798;&#x1794;&#x1789;&#x17D2;&#x1785;&#x17BC;&#x179B;&#x1780;&#x17B6;&#x179A;&#x1794;&#x1793;&#x17D2;&#x179F;&#x17BB;&#x17B6;&#x17C6;&#x1791;&#x17C5;&#x1793;&#x17B9;&#x1784;&#x1780;&#x17B6;&#x179A;&#x1794;&#x17D2;&#x179A;&#x17C2;&#x1794;&#x17D2;&#x179A;&#x17BD;&#x179B;&#x17A2;&#x17B6;&#x1780;&#x17B6;&#x179F;&#x1792;&#x17B6;&#x178F;&#x17BB;</subfield>
  </datafield>
  <datafield tag="260" ind1=" " ind2=" ">
    <subfield code="a">Ellen Maling</subfield>
    <subfield code="b">Joint Climate Change Initiative</subfield>
    <subfield code="c">2012</subfield>
  </datafield>
  <datafield tag="300" ind1=" " ind2=" ">
    <subfield code="a">41p</subfield>
    <subfield code="c">23cm</subfield>
  </datafield>
  <datafield tag="942" ind1=" " ind2=" ">
    <subfield code="2">ddc</subfield>
    <subfield code="c">KB</subfield>
  </datafield>
  <datafield tag="999" ind1=" " ind2=" ">
    <subfield code="c">22537</subfield>
    <subfield code="d">22537</subfield>
  </datafield>
  <datafield tag="952" ind1=" " ind2=" ">
    <subfield code="0">0</subfield>
    <subfield code="1">0</subfield>
    <subfield code="2">ddc</subfield>
    <subfield code="4">0</subfield>
    <subfield code="6">123_000000000000000_JCC_2012_C022_OR</subfield>
    <subfield code="7">0</subfield>
    <subfield code="9">96973</subfield>
    <subfield code="a">LBC</subfield>
    <subfield code="b">LBC</subfield>
    <subfield code="c">C022</subfield>
    <subfield code="d">2024-01-11</subfield>
    <subfield code="o">123 JCC 2012 C022 Or.</subfield>
    <subfield code="p">A074949</subfield>
    <subfield code="r">2024-01-11</subfield>
    <subfield code="w">2024-01-11</subfield>
    <subfield code="y">KB</subfield>
  </datafield>
  <datafield tag="952" ind1=" " ind2=" ">
    <subfield code="0">0</subfield>
    <subfield code="1">0</subfield>
    <subfield code="2">ddc</subfield>
    <subfield code="4">0</subfield>
    <subfield code="6">123_000000000000000_JCC_2012_C022_OR</subfield>
    <subfield code="7">0</subfield>
    <subfield code="9">96974</subfield>
    <subfield code="a">LBC</subfield>
    <subfield code="b">LBC</subfield>
    <subfield code="c">C022</subfield>
    <subfield code="d">2024-01-11</subfield>
    <subfield code="o">123 JCC 2012 C022 Or.</subfield>
    <subfield code="p">A074957</subfield>
    <subfield code="r">2024-01-11</subfield>
    <subfield code="w">2024-01-11</subfield>
    <subfield code="y">KB</subfield>
  </datafield>
  <datafield tag="952" ind1=" " ind2=" ">
    <subfield code="0">0</subfield>
    <subfield code="1">0</subfield>
    <subfield code="2">ddc</subfield>
    <subfield code="4">0</subfield>
    <subfield code="6">123_000000000000000_JCC_2012_C022_OR</subfield>
    <subfield code="7">0</subfield>
    <subfield code="9">96975</subfield>
    <subfield code="a">LBC</subfield>
    <subfield code="b">LBC</subfield>
    <subfield code="c">C022</subfield>
    <subfield code="d">2024-01-11</subfield>
    <subfield code="o">123 JCC 2012 C022 Or.</subfield>
    <subfield code="p">A074945</subfield>
    <subfield code="r">2024-01-11</subfield>
    <subfield code="w">2024-01-11</subfield>
    <subfield code="y">KB</subfield>
  </datafield>
  <datafield tag="952" ind1=" " ind2=" ">
    <subfield code="0">0</subfield>
    <subfield code="1">0</subfield>
    <subfield code="2">ddc</subfield>
    <subfield code="4">0</subfield>
    <subfield code="6">123_000000000000000_JCC_2012_C022_OR</subfield>
    <subfield code="7">0</subfield>
    <subfield code="9">96976</subfield>
    <subfield code="a">LBC</subfield>
    <subfield code="b">LBC</subfield>
    <subfield code="c">C022</subfield>
    <subfield code="d">2024-01-11</subfield>
    <subfield code="o">123 JCC 2012 C022 Or.</subfield>
    <subfield code="p">A074905</subfield>
    <subfield code="r">2024-01-11</subfield>
    <subfield code="w">2024-01-11</subfield>
    <subfield code="y">KB</subfield>
  </datafield>
  <datafield tag="952" ind1=" " ind2=" ">
    <subfield code="0">0</subfield>
    <subfield code="1">0</subfield>
    <subfield code="2">ddc</subfield>
    <subfield code="4">0</subfield>
    <subfield code="6">123_000000000000000_JCC_2012_C022_OR</subfield>
    <subfield code="7">0</subfield>
    <subfield code="9">96977</subfield>
    <subfield code="a">LBC</subfield>
    <subfield code="b">LBC</subfield>
    <subfield code="c">C022</subfield>
    <subfield code="d">2024-01-11</subfield>
    <subfield code="o">123 JCC 2012 C022 Or.</subfield>
    <subfield code="p">A074897</subfield>
    <subfield code="r">2024-01-11</subfield>
    <subfield code="w">2024-01-11</subfield>
    <subfield code="y">KB</subfield>
  </datafield>
  <datafield tag="952" ind1=" " ind2=" ">
    <subfield code="0">0</subfield>
    <subfield code="1">0</subfield>
    <subfield code="2">ddc</subfield>
    <subfield code="4">0</subfield>
    <subfield code="6">123_000000000000000_JCC_2012_C022_OR</subfield>
    <subfield code="7">0</subfield>
    <subfield code="9">96978</subfield>
    <subfield code="a">LBC</subfield>
    <subfield code="b">LBC</subfield>
    <subfield code="c">C022</subfield>
    <subfield code="d">2024-01-11</subfield>
    <subfield code="o">123 JCC 2012 C022 Or.</subfield>
    <subfield code="p">A074937</subfield>
    <subfield code="r">2024-01-11</subfield>
    <subfield code="w">2024-01-11</subfield>
    <subfield code="y">KB</subfield>
  </datafield>
</record>
